Balances y utilidades de las socieddes anónimas (Registro nro. 28641)

Detalles MARC
000 -LEADER
fixed length control field 00400 a2200109 4500
001 - CONTROL NUMBER
control field ART_23561
005 - DATE AND TIME OF LATEST TRANSACTION
control field 20260410161931.0
008 - FIXED-LENGTH DATA ELEMENTS--GENERAL INFORMATION
fixed length control field 260409a
100 1# - MAIN ENTRY--PERSONAL NAME
Personal name Wajchman, Mauricio
245 10 - TITLE STATEMENT
Title Balances y utilidades de las socieddes anónimas
773 0# - HOST ITEM ENTRY
Title Revista de la Facultad de Ciencias Económicas de la Universidad de Cuyo
Related parts - Año XVIII, Nº 52/54 (ene./dic. 1966)
Record control number REV22981

No hay ítems disponibles.